Statistics for Top 50 Albums from 2003

Click here to take the quiz!

General Stats

  • This quiz has been taken 2 times
  • The average score is 12 of 50

Answer Stats

ArtistAlbum% Correct
#21: The ShinsChutes Too Narrow
100%
#2: The Mars VoltaDe-Loused in the Comatorium
100%
#11: The White StripesElephant
100%
#1: RadioheadHail to the Thief
100%
#15: Sufjan StevensMichigan
100%
#34: Death Cab for CutieTransatlanticism
100%
#5: BorisBoris at Last -Feedbacker-
50%
#8: OpethDamnation
50%
#33: The Postal ServiceGive Up
50%
#45: Paddy McAloonI Trawl the MEGAHERTZ
50%
#31: RiversideOut of Myself
50%
#13: WeenQuebec
50%
#19: Four TetRounds
50%
#23: Jay-ZThe Black Album
50%
#18: Explosions in the SkyThe Earth is Not a Cold Dead Place
50%
#16: Howard ShoreThe Lord of the Rings: The Return of the King
50%
#7: Magnolia Electric Co.The Magnolia Electric Co.
50%
#46: The Devin Townsend BandAccelerated Evolution
0%
#44: Lost HorizonA Flame to the Ground Beneath
0%
#25: BorisAkuma no Uta
0%
#41: Xiu XiuA Promise
0%
#32: EnslavedBelow the Lights
0%
#36: Nacho VegasCajas de Música Difíciles de Parar
0%
#27: Pete Rock & InICenter of Attention
0%
#20: Kayo DotChoirs of the Eye
0%
#50: Drive-By TruckersDecoration Day
0%
#14: SleepDopesmoker
0%
#49: MewFrengers
0%
#6: Sun Kil MoonGhosts of the Great Highway
0%
#43: Klangforum Wien / Sylvain CambrelingIn Vain
0%
#10: Sheena RingoKalk Samen Chestnut Flower
0%
#22: MoonsorrowKivenkantaja
0%
#42: The Radio Dept.Lesser Matters
0%
#37: NujabesMetaphorical Music
0%
#3: The MicrophonesMount Eerie
0%
#28: Steve RoachMystic Chords & Sacred Spaces
0%
#40: Leonid FedorovPurple Day
0%
#17: Tim HeckerRadio Amor
0%
#35: Akira YamaokaSilent Hill 3
0%
#38: The GatheringSouvenirs
0%
#26: King GeedorahTake Me to Your Leader
0%
#30: William BasinskiThe Disintegration Loops II
0%
#39: William BasinskiThe Disintegration Loops III
0%
#29: The WrensThe Meadowlands
0%
#24: The Lord Weird Slough FegTraveller
0%
#12: Johnny CashUnearthed
0%
#48: Pierre HantaïVariations Goldberg BWV 988
0%
#9: Viktor VaughnVaudeville Villain
0%
#4: Sweet Tripvelocity : design : comfort
0%
#47: Cat PowerYou Are Free
0%

Score Distribution

Percentile by Number Answered

Percent of People with Each Score

Your Score History

You have not taken this quiz